Paesi con più di 50 milioni di abitanti - Morte improvvisa - Statistics

Statistiche generali
  • Questo quiz è stato fatto 85 volte
  • Il punteggio medio è 7 su 15
Answers on the Grid
Answers color-coded by a green-red scale on the quiz's grid according to % correct below.
India
Cina
Stati Uniti
Pakistan
Nigeria
Brasile
Giappone
Messico
Repubblica Democratica del Congo
Vietnam
Francia
Tanzania
Italia
Iran
Uganda
Spagna
Algeria
Iraq
Argentina
Angola
Canada
Polonia
Marocco
Niger
Zambia
Cile
Somalia
Belgio
Portogallo
Finlandia
 
Statistiche sulle risposte
Risposta % Corretto
Brasile
67%
India
67%
Cina
64%
Stati Uniti
64%
Francia
62%
Italia
62%
Messico
56%
Giappone
53%
Vietnam
49%
Nigeria
47%
Pakistan
47%
Repubblica Democratica del Congo
38%
Iran
29%
Tanzania
20%
Uganda
11%
Nessun quiz corrispondente trovato
Distribuzione punteggi
Percentuale di utenti per punteggio
Percentile per numero di risposta
I tuoi punteggi nel tempo
Non hai fatto questo quiz